Evolution of warfare (Record no. 7855)
[ view plain ]
| 000 -LEADER | |
|---|---|
| fixed length control field | 00708nam a22002177a 4500 |
| 003 - CONTROL NUMBER IDENTIFIER | |
| control field | TZ-ArACH |
| 005 - DATE AND TIME OF LATEST TRANSACTION | |
| control field | 20260417113722.0 |
| 008 - FIXED-LENGTH DATA ELEMENTS--GENERAL INFORMATION | |
| fixed length control field | 260417b |||||||| |||| 00| 0 eng d |
| 022 ## - INTERNATIONAL STANDARD SERIAL NUMBER | |
| International Standard Serial Number | 1816-3831 |
| 040 ## - CATALOGING SOURCE | |
| Original cataloging agency | TZ-ArACH |
| Language of cataloging | EN |
| Transcribing agency | TZ-ArACH |
| 050 ## - LIBRARY OF CONGRESS CALL NUMBER | |
| Classification number | U263 |
| Item number | .H86 2015 |
| 110 ## - MAIN ENTRY--CORPORATE NAME | |
| Corporate name or jurisdiction name as entry element | International Committee of the Red Cross |
| 245 ## - TITLE STATEMENT | |
| Title | Evolution of warfare |
| Statement of responsibility, etc | International Committee of the Red Cross |
| 260 ## - PUBLICATION, DISTRIBUTION, ETC. (IMPRINT) | |
| Place of publication, distribution, etc | Geneva: |
| Name of publisher, distributor, etc | International Committee of the Red Cross; |
| Date of publication, distribution, etc | 2015 |
| 300 ## - PHYSICAL DESCRIPTION | |
| Extent | 954-150p.: |
| 440 ## - SERIES STATEMENT/ADDED ENTRY--TITLE | |
| Title | International Review of the Red Cross: Humanitarian Debate (Law, Policy, Action), Vol. 97(900) 2015 |
| International Standard Serial Number | 1816-3831 |
| 650 ## - SUBJECT ADDED ENTRY--TOPICAL TERM | |
| Topical term or geographic name as entry element | Law |
| 650 ## - SUBJECT ADDED ENTRY--TOPICAL TERM | |
| Topical term or geographic name as entry element | Policy |
| 650 ## - SUBJECT ADDED ENTRY--TOPICAL TERM | |
| Topical term or geographic name as entry element | Action |
| 942 ## - ADDED ENTRY ELEMENTS (KOHA) | |
| Source of classification or shelving scheme | Library of Congress Classification |
| Koha item type | Books |
| Home library | Current library | Date acquired | Full call number | Barcode | Koha item type | Public note |
|---|---|---|---|---|---|---|
| African Court on Human and Peoples' Rights Library | African Court on Human and Peoples' Rights Library | 17/04/2026 | U263 .H86 2015 | 10040331 | Books | Donation by the International Committee of the Red Cross through Ms. Grace Wakio |
